000
00513nam a2200181Ia 4500
008
090124s9999 xx 000 0 und d
082
_b
119128
100
_a
जोगळेकर योगिनी
245
_a
धागे दोरे
250
_a
1
260
_c
1982
300
_a
212
600
_a
जोगळेकर योगिनी
630
_a
धागे दोरे
700
_a
जोगळेकर योगिनी
730
_a
धागे दोरे
942
_c
BOOK
999
_c
165214
_d
165214